Mejoramiento de los procesos de la empresa (Registro nro. 2695)
[ vista simple ]
| 000 -LEADER | |
|---|---|
| fixed length control field | 01292 a2200241 4500 |
| 001 - CONTROL NUMBER | |
| control field | 36974 |
| 005 - DATE AND TIME OF LATEST TRANSACTION | |
| control field | 20260407155641.0 |
| 008 - FIXED-LENGTH DATA ELEMENTS--GENERAL INFORMATION | |
| fixed length control field | 260407a1993 arg spa d |
| 003 - CONTROL NUMBER IDENTIFIER | |
| control field | AR-UNSa-BCEJYS |
| 040 ## - CATALOGING SOURCE | |
| Original cataloging agency | AR-UNSa-BCEJYS |
| Language of cataloging | spa |
| Transcribing agency | AR-UNSa-BCEJYS |
| 080 ## - UNIVERSAL DECIMAL CLASSIFICATION NUMBER | |
| Universal Decimal Classification number | 658.51 |
| Common auxiliary subdivision | Organización de la producción |
| 020 ## - INTERNATIONAL STANDARD BOOK NUMBER | |
| International Standard Book Number | 958-600-168-7 |
| 100 1# - MAIN ENTRY--PERSONAL NAME | |
| Personal name | Harrington, H. James |
| 245 10 - TITLE STATEMENT | |
| Title | Mejoramiento de los procesos de la empresa |
| 264 #1 - PRODUCTION, PUBLICATION, DISTRIBUTION, MANUFACTURE, AND COPYRIGHT NOTICE | |
| Place of production, publication, distribution, manufacture | Bogotá : |
| Name of producer, publisher, distributor, manufacturer | McGraw-Hill |
| Date of production, publication, distribution, manufacture, or copyright notice | 1993 |
| 300 ## - PHYSICAL DESCRIPTION | |
| Extent | 309 p. |
| Dimensions | 24 cm. |
| 505 ## - FORMATTED CONTENTS NOTE | |
| Formatted contents note | 1. ¿ Por qué centrarse en los procesos de la empresa? - 2. Preparación del terreno para el mejoramiento de los procesos de la empresa - 3. Organización para el mejoramiento de procesos - 4. Diagrama de flujo: representación gráfica del proceso - 5. Comprender las características del proceso - 6. Modernización del proceso - 7. Medición, retroalimentación y acción ( cargue, apunte y dispare) - 8. Calificación del proceso - 9. Proceso de benchmarking - 10. El comienzo - Apéndice: Guías para las entrevistas |
| 590 ## - LOCAL NOTE (RLIN) | |
| Local note | niveau_biblio:m niveau_hierar:0 |
| 700 1# - ADDED ENTRY--PERSONAL NAME | |
| Personal name | Rosas Lopetegui, Gloria Elizabeth |
| 700 1# - ADDED ENTRY--PERSONAL NAME | |
| Personal name | Tiznado Santana, Marco Antonio |
| 856 41 - ELECTRONIC LOCATION AND ACCESS | |
| Uniform Resource Identifier | <a href="https://170.210.207.44/pmb/images/libros/L85422.jpg">https://170.210.207.44/pmb/images/libros/L85422.jpg</a> |
| Link text | Imagen de portada |
| Electronic format type | image/jpeg |
| 942 ## - ADDED ENTRY ELEMENTS (KOHA) | |
| Koha item type | |
| Withdrawn status | Lost status | Damaged status | Not for loan | Home library | Current library | Shelving location | Date acquired | Total checkouts | Full call number | Barcode | Date last seen | Price effective from | Koha item type |
|---|---|---|---|---|---|---|---|---|---|---|---|---|---|
| Biblioteca Prof. Eusebio Cleto del Rey | Biblioteca Prof. Eusebio Cleto del Rey | 07/04/2026 | 658.51 H297 | L85421 | 07/04/2026 | 07/04/2026 | Libro | ||||||
| Biblioteca Prof. Eusebio Cleto del Rey | Biblioteca Prof. Eusebio Cleto del Rey | 07/04/2026 | 658.51 H297 | L85422 | 07/04/2026 | 07/04/2026 | Libro |